[Event "35th Cannes FIJ Open 2022"]
[Site "Cannes"]
[Date "2022.02.27"]
[Round "9.8"]
[White "Roebers, Eline"]
[Black "Loiseau, Quentin"]
[Result "0-1"]
[WhiteElo "2341"]
[BlackElo "2465"]
[Annotator "TA"]
[PlyCount "54"]
[EventDate "2022.02.21"]
[EventType "swiss"]
[EventCountry "FRA"]
[SourceTitle "playchess.com"]
[Source "ChessBase"]
[SourceQuality "1"]

{[%evp 9,53,20,9,19,16,12,32,16,20,34,24,19,32,25,27,5,8,-12,-21,-21,-10,-27,-25,-27,-31,-41,-40,-48,-22,-51,-25,-74,-36,-29,-22,-163,-164,-715,-526,-718,-695,-1150,-1148,-29998,-29999,-29999]} 1. e4 e5 2. Nf3 Nc6 3. d4 exd4 4. Nxd4 Qf6 5. Nf3 Bb4+ 6. c3 {C45: Scotch Game.} Bc5 7. Be2 Nge7 8. O-O {White is slightly better.} d6 9. b4 Bb6 (9... Bxb4 $2 10. Bg5 Qg6 11. cxb4 $18) 10. Bg5 Qg6 {[%cal Oc8h3]} 11. Bh4 a5 {[#]} 12. b5 $146 ({Predecessor:} 12. a3 axb4 13. cxb4 Bh3 14. Bg3 Bg4 15. Nc3 O-O 16. Na4 Ba7 17. Rc1 f5 18. b5 fxe4 19. bxc6 exf3 20. gxf3 {½-½ (25) Gabel,A (2343)-Klewe,W (2351) GER email 2020}) 12... Ne5 (12... Bh3 $2 13. Ng5 Qh6 14. bxc6 $18) 13. Nxe5 dxe5 {[%cal Bd6e5,Be5f4,Bf4f3][%mdl 32]} 14. Nd2 ({But not} 14. Bh5 Qxe4 15. Bg3 Qf5 $17) 14... Be6 15. Qc2 {[#]} Nd5 $1 16. Bg3 (16. Bc4 Nf4) 16... Nf4 17. Bxf4 exf4 18. Rad1 O-O 19. Kh1 Rfe8 20. Nc4 (20. Nf3 $11 {should be considered.}) 20... Bc5 $40 {[%cal Of4f3][%mdl 128] Black attacks.} (20... f3 $5 21. gxf3 Bc5 $15) 21. Ne5 Qh6 22. Bc4 {White does not recover from this.} (22. Nf3 $11 {and White has nothing to worry.}) 22... f3 $19 {aiming for ...fxg2+.} 23. g3 (23. Bxe6 fxg2+ 24. Kxg2 Rxe6 25. f4) 23... Qh3 {[%csl Gf3][%cal Rh3g2]} 24. Rg1 {Inhibits Qg2+.} Bxc4 25. Nxc4 {[#]} Re6 $1 {[%cal Oh3h2] ( -> ...Qxh2+!)} ({Inferior is} 25... Qe6 26. Rd5 Ba7 27. Ne5 $15) 26. Ne3 {[#]} Qxh2+ $3 {[%mdl 512]} 27. Kxh2 Rh6# {Weighted Error Value: White=1.00/Black=0.11 (very precise)} 0-1